UM Logo

A Study on the Quality of Cooking Used Oil by the Street vendors in Digos City. (Record no. 6398)

MARC details
000 -LEADER
fixed length control field 00594nam a22001577a 4500
008 - FIXED-LENGTH DATA ELEMENTS--GENERAL INFORMATION
fixed length control field 170309b xxu||||| |||| 00| 0 eng d
082 ## - DEWEY DECIMAL CLASSIFICATION NUMBER
Edition number 2016
Classification number UT 0728
Item number P77
100 ## - MAIN ENTRY--PERSONAL NAME
9 (RLIN) 19311
Personal name Pono, Joylen C.
245 ## - TITLE STATEMENT
Title A Study on the Quality of Cooking Used Oil by the Street vendors in Digos City.
Statement of responsibility, etc. Joylen C. pono, Jay-ar C. Vergara and Katherine G. Adanza.
300 ## - PHYSICAL DESCRIPTION
Extent 46 pages;
Other physical details 28 cm.
650 #0 - SUBJECT ADDED ENTRY--TOPICAL TERM
9 (RLIN) 19312
Topical term or geographic name as entry element Education
Form subdivision Biolgical Science
General subdivision Undergraduate Thesis.
700 ## - ADDED ENTRY--PERSONAL NAME
9 (RLIN) 19313
Personal name Pono, Joylen C.
700 ## - ADDED ENTRY--PERSONAL NAME
9 (RLIN) 19314
Personal name Vergara, Jay-ar C.
700 ## - ADDED ENTRY--PERSONAL NAME
9 (RLIN) 19315
Personal name Adanza, Katherine G.
942 ## - ADDED ENTRY ELEMENTS (KOHA)
Source of classification or shelving scheme Dewey Decimal Classification
Koha item type Undergraduate Thesis
Holdings
Withdrawn status Lost status Source of classification or shelving scheme Damaged status Not for loan Home library Current library Date acquired Total Checkouts Full call number Barcode Date last seen Price effective from Koha item type
    Dewey Decimal Classification     UM Digos College - LIC UM Digos College - LIC 11/07/2016   UT 0728 P77 2016 UT0728 03/09/2017 03/09/2017 Undergraduate Thesis